App Icons #2 - Statistics

General Stats
  • This quiz has been taken 44 times
  • The average score is 14 of 24
Answer Stats
Picture Answer % Correct
Spotify
100%
Snapchat
97%
Duolingo
86%
Reddit
81%
Twitch
81%
WhatsApp
81%
Pinterest
78%
Pokémon GO
76%
Dropbox
70%
Temple Run
70%
Plants vs. Zombies
65%
Geometry Dash
54%
Audible
49%
Doodle Jump
49%
The Guardian
46%
Microsoft OneDrive
43%
Plague Inc.
38%
Slack
35%
Ticketmaster
35%
Grindr
30%
Headspace
30%
Monument Valley
30%
MyFitnessPal
27%
Groupon
24%
No matching quizzes found
Score Distribution
Percent of People with Each Score
Percentile by Number Answered
Your Score History
You have not taken this quiz